[Event "CAN-ch"]
[Site "Toronto"]
[Date "1972.??.??"]
[Round "11"]
[White "Allan, Denis"]
[Black "Selick, Paul"]
[Result "1-0"]
[WhiteElo "2355"]
[BlackElo "2275"]

1.Nf3 d5 2.g3 Nf6 3.Bg2 e6 4.O-O Be7 5.c4 O-O 6.b3 c5 7.Bb2 Nc6 8.d3 d4 9.e4 e5
10.Ne1 Rb8 11.Bc1 Ne8 12.Nc2 a6 13.Kh1 b5 14.Nd2 Bd7 15.f4 Nd6 16.Nf3 f6
17.f5 bxc4 18.bxc4 Nf7 19.Nce1 Qa5 20.Bd2 Qa3 21.Rf2 Nb4 22.Bc1 Qa4 23.Qe2 Nd6
24.g4 Nxd3 25.Nxd3 Qxc4 26.Nfe1 Qb5 27.g5 fxg5 28.a4 Qb3 29.Nxc5 Qc3 30.Qa2+ Kh8
31.Nxd7 Nxe4 32.Rf1 Nc5 33.Nxb8 Rxb8 34.Rb1 Rd8 35.Bd2  1-0

[Event "JUG-ch"]
[Site "Umag"]
[Date "1972.??.??"]
[Round "1"]
[White "Vukic, Milan"]
[Black "Kurajica, Bojan"]
[Result "1-0"]
[WhiteElo "2410"]
[BlackElo "2455"]

1.Nf3 d5 2.g3 Nf6 3.Bg2 e6 4.O-O c6 5.d3 Bd6 6.Nbd2 O-O 7.e4 Nbd7 8.Qe2 Qc7
9.Re1 e5 10.Nh4 Re8 11.Nf5 Bf8 12.Nf1 dxe4 13.dxe4 Nc5 14.Bg5 Nfd7 15.Red1 Ne6
16.Be3 Nf6 17.Bf3 g6 18.Nh6+ Bxh6 19.Bxh6 Nd4 20.Qd3 Bg4 21.Bxg4 Nxg4 22.Bg5 Qb6
23.b3 h6 24.Be3 Rad8 25.Kg2 Kg7 26.Qc4 Qb5 27.Qxb5 Nxb5 28.Bd2 Nd4 29.f3 Nf6
30.c3 Ne6 31.Be3 b6 32.Kf2 h5 33.h4 Nd7 34.Nd2 f5 35.exf5 gxf5 36.Nc4 f4
37.gxf4 exf4 38.Bd4+ Nxd4 39.Rxd4 Nc5 40.Nd6 Rf8 41.Re1 Kg6 42.Re5 Kf6 43.Rxh5 Ne6
44.Rh6+ Ke7 45.Rh7+ Kf6 46.Ne4+ Kg6 47.Rxd8 Rxd8 48.Rxa7 Rh8 49.Ra6 Rb8 50.Ra7 Rh8
51.Kg2 Kf5 52.Ra6 Rg8+ 53.Kf2 Rb8 54.Nd6+ Kf6 55.Ne4+ Kg6 56.Ra7 Rh8 57.Re7 Kf5
58.a4 Rxh4 59.Kg2 Rh8 60.Rb7 Nc5 61.Nxc5 bxc5 62.Rc7 c4 63.b4 Rh6 64.b5 Rg6+
65.Kf2 Rd6 66.b6 Rd2+ 67.Ke1 Ra2 68.b7 Rb2 69.a5 Ke5 70.a6 Kd6 71.Rc8 Rb1+
72.Kd2 Rb2+ 73.Kc1  1-0

[Event "JUG-ch"]
[Site "Umag"]
[Date "1972.??.??"]
[Round "17"]
[White "Sofrevski, Jovan"]
[Black "Kurajica, Bojan"]
[Result "0-1"]
[WhiteElo "2440"]
[BlackElo "2455"]

1.Nf3 d5 2.g3 c5 3.Bg2 Nc6 4.O-O e5 5.d3 Be7 6.e4 d4 7.Nbd2 h5 8.Nc4 Bf6
9.a4 h4 10.gxh4 Nge7 11.Ne1 Be6 12.h5 g5 13.Qf3 Rh6 14.Bh3 Qd7 15.Bxe6 Qxe6
16.h3 Kd7 17.Qg4 Rah8 18.Qxe6+ Kxe6 19.Nf3 Rxh5 20.Kg2 Ng6 21.Ng1 Nh4+ 22.Kg3 Bd8
23.Bd2 Ne7 24.Rab1 Neg6 25.b4 cxb4 26.Rxb4 b6 27.a5 Nf4 28.axb6 axb6 29.f3 Nhg6
30.Kf2 Nxh3+ 31.Nxh3 Rxh3 32.Ke2 Rh2+ 33.Rf2 R8h3 34.Rb1 Rxf2+ 35.Kxf2 Nh4
36.Rg1 b5 37.Nxe5 Rh2+ 38.Kg3 Rxd2 39.Nc6 Bf6 40.Kg4 Rxc2 41.Nb4 Rg2+  0-1

[Event "Hoogovens-B"]
[Site "Wijk aan Zee"]
[Date "1972.??.??"]
[Round "?"]
[White "Sahovic, Dragutin"]
[Black "Karaklajic, Nikola"]
[Result "0-1"]
[WhiteElo "2345"]
[BlackElo "2420"]

1.Nf3 d5 2.g3 g6 3.Bg2 Bg7 4.c4 dxc4 5.Qa4+ Qd7 6.Qxc4 Qc6 7.Qxc6+ Nxc6 8.Nc3 Nb4
9.O-O c6 10.d3 Nf6 11.Bf4 Nbd5 12.Be5 O-O 13.Nxd5 Nxd5 14.Bxg7 Kxg7 15.Rfc1 Bg4
16.Ne1 Rad8 17.f3 Bc8 18.f4 f6 19.Kf2 h6 20.e4 Nc7 21.Ke3 g5 22.h4 gxh4 23.gxh4 Rg8
24.Bf3 Kh8 25.Nc2 Bg4 26.Bh1 Rg7 27.Rg1 Rdg8 28.Bf3 Ne6 29.Bh1 Bh5 30.Rxg7 Rxg7
31.Nd4 Nxd4 32.Kxd4 Rg4 33.f5 Rxh4 34.b4 Be8 35.a4 Bd7 36.Ke3 Rh2 37.Bf3 h5
38.b5 h4 39.bxc6 Bxc6 40.d4 Rb2 41.d5 Be8 42.a5 h3 43.Rh1 h2 44.Be2 Rb3+
45.Kf2 Bb5 46.Rxh2+ Kg7 47.Rg2+ Kf8 48.Bf3 Ra3 49.Rg6 Rxa5 50.d6 Bc6 51.dxe7+ Kxe7
52.Rg7+ Kf8 53.Rg6 Kf7 54.Bh5 Re5 55.Rh6+ Ke7 56.Rh7+ Kd6 57.Rf7 Rxe4 58.Bg6 Ke5  0-1

[Event "Hoogovens-B"]
[Site "Wijk aan Zee"]
[Date "1972.??.??"]
[Round "?"]
[White "Schmidt, Wlodzimierz"]
[Black "Medina Garcia, Antonio Angel"]
[Result "1/2-1/2"]
[WhiteElo "2450"]
[BlackElo "2380"]

1.Nf3 d5 2.g3 c5 3.Bg2 Nc6 4.d4 e6 5.O-O Nf6 6.c4 dxc4 7.dxc5 Qxd1 8.Rxd1 Bxc5
9.Nbd2 c3 10.bxc3 O-O 11.Nb3 Bb6 12.Ba3 Rd8 13.Nfd4 Bd7 14.Nb5 a6 15.Nd6 Rab8
16.Rd2 Bc7 17.Rad1 Be8 18.Nxe8 Nxe8 19.Bxc6 bxc6 20.Nd4 h5 21.Nxc6 Rxd2 22.Rxd2 Rb1+
23.Kg2 Nf6 24.c4 h4 25.Be7 Rb6 26.Na5 Rb8 27.Nb3 a5 28.Bxf6 gxf6 29.Rd7 Rc8
30.gxh4 a4 31.Nc5 Be5 32.Nxa4 Rxc4 33.Nb6 Rc2 34.e3 Rxa2 35.h5 Rc2 36.Rd8+ Kg7
37.Rc8 Rxc8 38.Nxc8 f5  1/2-1/2

[Event "IBM-B"]
[Site "Amsterdam"]
[Date "1973.??.??"]
[Round "5"]
[White "Hartoch, Robert G"]
[Black "Kovacevic, Vlatko"]
[Result "0-1"]
[WhiteElo "2380"]
[BlackElo "2485"]

1.Nf3 d5 2.g3 g6 3.Bg2 Bg7 4.c4 d4 5.O-O e5 6.d3 Ne7 7.e3 dxe3 8.fxe3 Nbc6
9.Qe2 O-O 10.Nc3 Bf5 11.Ne4 Bxe4 12.dxe4 Qd6 13.b3 Rad8 14.Bb2 Bh6 15.g4 f6
16.h4 Qd3 17.Qxd3 Rxd3 18.g5 Bg7 19.Rfe1 f5 20.Re2 f4 21.exf4 Rxf4 22.Rf1 b6
23.Ne1 Rd1 24.Rxf4 exf4 25.e5 Nb4 26.Ba3 a5 27.Kh2 Nf5 28.Bxb4 axb4 29.Bd5+ Kf8
30.Nf3 Ne3 31.Be4 Ra1 32.h5 Nf1+ 33.Kh3 Ng3 34.Rd2 Nxe4 35.Rd7 gxh5 36.e6 Rf1  0-1

[Event "Chicago"]
[Site "Chicago"]
[Date "1973.??.??"]
[Round "11"]
[White "Sigurjonsson, Gudmundur"]
[Black "Karaklajic, Nikola"]
[Result "1/2-1/2"]
[WhiteElo "2470"]
[BlackElo "2420"]

1.Nf3 d5 2.g3 Nc6 3.Bg2 e5 4.d3 Nf6 5.O-O Be7 6.c3 O-O 7.Qc2 Bg4 8.e4 Qd7
9.Re1 dxe4 10.dxe4 Rfd8 11.Nbd2 Qd3 12.Qxd3 Rxd3 13.Bf1 Rd7 14.h3 Bxf3 15.Nxf3 Rad8  1/2-1/2

[Event "USA-ch"]
[Site "El Paso"]
[Date "1973.??.??"]
[Round "3"]
[White "Byrne, Donald"]
[Black "Martz, William E"]
[Result "1/2-1/2"]
[WhiteElo "2475"]
[BlackElo "2395"]

1.g3 d5 2.Nf3 c6 3.Bg2 Bg4 4.b3 Nd7 5.Bb2 Ngf6 6.O-O e6 7.d3 Bd6 8.c4 O-O
9.Nc3 Qe7 10.h3 Bxf3 11.Bxf3 Ba3 12.Qc1 Bxb2 13.Qxb2 d4 14.Nb1 e5 15.b4 c5
16.bxc5 Nxc5 17.Nd2 Rad8 18.Qa3 b6 19.Nb3 Rc8 20.Bg2 Rc7 21.Rab1 Rd8 22.Nxc5 Rxc5
23.Rb5 Rdc8 24.Rfb1 Kf8 25.Qa6 R8c7 26.Rxc5 Rxc5 27.Rb5 Rxb5 28.cxb5 Qc7
29.Bb7 Qb8 30.Qa3+ Kg8 31.Qe7 Qe8 32.Qc7 Qxb5 33.Bc6 Qb1+ 34.Kg2 h6 35.Qxa7 Qc2
36.Bb5 Qc5 37.Bc4 Qc6+ 38.Kh2 Nd7 39.a4 Qf6 40.f4 Nf8 41.Qb8  1/2-1/2

[Event "USA-ch"]
[Site "El Paso"]
[Date "1973.??.??"]
[Round "3"]
[White "Kavalek, Lubomir"]
[Black "Bisguier, Arthur Bernard"]
[Result "1/2-1/2"]
[WhiteElo "2565"]
[BlackElo "2420"]

1.Nf3 d5 2.g3 Nc6 3.Bg2 e5 4.d3 Nge7 5.O-O g6 6.c4 dxc4 7.Qa4 Bg7 8.Qxc4 O-O
9.Nc3 h6 10.Bd2 Be6 11.Qa4 Nd4 12.Rfc1 a5 13.Qd1 Re8 14.Ne1 c6 15.e3 Ndf5
16.a3 Nd6 17.Na4 f5 18.b4 axb4 19.axb4 Bd5 20.Bxd5+ Nxd5 21.Qb3 Kh7 22.Nc5 e4
23.Rab1 Qe7 24.Na4 Nb5 25.Rc2 Red8 26.Ra2 exd3 27.Nxd3 Rxa4 28.Rxa4 Ndc3
29.Bxc3 Rxd3 30.Ra8 Bf8 31.Rc1 Nc7 32.Rb8 Nd5 33.Qc4 Rxe3 34.fxe3 Qxe3+ 35.Kg2 Qxc1
36.Rxf8 Qc2+ 37.Kh3 g5 38.Rh8+ Kg6 39.Rxh6+ Kxh6 40.Bg7+ Kh5 41.Qxc2 g4+
42.Kg2 Ne3+ 43.Kf2 Nxc2 44.Bc3 Kg6 45.Ke2 Kf7 46.Kd3 Na3 47.Bb2 Nb5 48.Kc4 b6
49.Be5 Ke6 50.Bf4 Nd6+ 51.Kd4 Ne8 52.Kc4 Nf6 53.b5 Nd5 54.Bb8 cxb5+ 55.Kxb5 Ne3
56.Kxb6 Kd5 57.Kc7 Nf1 58.Kd7 Nxh2 59.Ke7 Ke4  1/2-1/2

[Event "AVRO"]
[Site "Hilversum"]
[Date "1973.??.??"]
[Round "10"]
[White "Andersson, Ulf"]
[Black "Ivkov, Borislav"]
[Result "1/2-1/2"]
[WhiteElo "2535"]
[BlackElo "2520"]

1.Nf3 d5 2.g3 Bg4 3.Bg2 c6 4.O-O Nd7 5.d3 e6 6.Nbd2 Bd6 7.e4 Ne7 8.Re1 O-O
9.h3 Bh5 10.b3 Be5 11.Rb1 Bc3 12.Bb2 Bxb2 13.Rxb2 Ne5 14.Qc1 Bxf3 15.Bxf3 Nxf3+  1/2-1/2

[Event "HUN-ch"]
[Site "?"]
[Date "1973.??.??"]
[Round "?"]
[White "Horvath, Gyula"]
[Black "Eperjesi, Laszlo"]
[Result "1/2-1/2"]
[WhiteElo "2200"]
[BlackElo "2200"]

1.Nf3 d5 2.g3 c6 3.Bg2 Bg4 4.c4 e6 5.cxd5 exd5 6.O-O Nf6 7.d3 Be7 8.Qb3 Qb6
9.Be3 Qxb3 10.axb3 a6 11.Rc1 Nbd7 12.Nc3 O-O 13.Na4 Ne8 14.Kf1 Nc7 15.h3 Bh5
16.Nd4 Bg6 17.f4 f5 18.Nf3 Ne6 19.Nd4 Nc7 20.Bf2 Bf6 21.Rc2 Rae8 22.b4 Rf7
23.Bf3 Rfe7 24.Nc5 Nxc5 25.bxc5 Ra8 26.Ra5 Ree8 27.b3 Rf8 28.Kg2 h6 29.h4 Bh7
30.h5 g5 31.hxg6 Bxg6 32.Rc1 Kf7 33.Rh1 Rh8 34.Bh5 Bxh5 35.Rxh5 Kg6 36.Rh1 Nb5
37.Ra4 Rhe8 38.Nxb5 axb5 39.Rxa8 Rxa8 40.Kf3 Ra2 41.Rb1 Bc3 42.Bg1 d4 43.Bf2 b4
44.Bg1 h5 45.Bf2 Ra5 46.e3 Rxc5 47.exd4 Rd5 48.Rc1 Rd8 49.Be1 Bxe1 50.Rxe1 Rxd4
51.Ke3 c5 52.Ra1 Rd6 53.Ra5 b6 54.Ra8 Kg7 55.Ra7+ Kg6 56.Rb7 Re6+ 57.Kf3 Rd6
58.Ke3 h4 59.gxh4 Kh5 60.Rg7 Kxh4 61.Rg5 Rf6 62.Kf3 Rd6 63.Ke3 Rd5 64.Rg6 b5
65.Rb6 Kg3 66.Rg6+ Kh2 67.Rb6 Rd4 68.Rf6 Rd5 69.Rb6 Kg3 70.Rg6+ Kh4 71.Rb6 Kg4
72.Rxb5  1/2-1/2

[Event "HUN-ch"]
[Site "?"]
[Date "1973.??.??"]
[Round "?"]
[White "Csom, Istvan"]
[Black "Petran, Pal"]
[Result "1/2-1/2"]
[WhiteElo "2540"]
[BlackElo "2200"]

1.Nf3 d5 2.g3 c6 3.Bg2 Nf6 4.O-O Bg4 5.b3 e6 6.Bb2 Nbd7 7.c4 Be7 8.d4 O-O
9.Nc3 Qa5 10.h3 Bxf3 11.Bxf3 b5 12.c5 b4 13.Na4 Rfe8 14.Qc2 Bf8 15.Rfe1 g6
16.Rad1 Bg7 17.Bc1 e5 18.dxe5 Nxe5 19.Bg2 Ned7 20.Bd2 Qb5 21.e4 dxe4 22.Bxe4 Nxe4
23.Rxe4 Rxe4 24.Qxe4 a5 25.Be3 Nf6 26.Qf3 Re8 27.Nb6 Ne4 28.Nc4 Bf8 29.Rd7 f5
30.g4 Nxc5 31.Ra7 Ne4 32.Rxa5 fxg4 33.hxg4 Qb8 34.Bf4 Qb7 35.Be5 Ng5 36.Qf6 Nf7
37.Bg3 Qd7 38.Qf3 c5 39.Bf4 Bg7 40.Ra8 Rxa8 41.Qxa8+ Bf8 42.Qf3 Qe6  1/2-1/2

[Event "DSV-Turnier"]
[Site "Leipzig"]
[Date "1973.??.??"]
[Round "2"]
[White "Vogt, Lothar"]
[Black "Hennings, Artur"]
[Result "1/2-1/2"]
[WhiteElo "2440"]
[BlackElo "2435"]

1.Nf3 d5 2.g3 Nf6 3.Bg2 e6 4.O-O b6 5.b3 Be7 6.Bb2 Bb7 7.d3 c5 8.Nbd2 Nc6
9.e4 O-O 10.Re1 Qc7 11.exd5 exd5 12.Ne5 Rae8 13.Nxc6 Bxc6 14.Qf3 Bd7 15.h3 Bd8
16.Rad1 Rxe1+ 17.Rxe1 Be6 18.Be5 Qd7 19.g4 Ne8 20.Qe2 h5 21.gxh5 Bxh3 22.Qf3 Bxg2
23.Kxg2 Bg5 24.Nf1 f6 25.Bf4 Qf5 26.Bg3 Qd7 27.Ne3 Bxe3 28.Qxe3 Nc7 29.Bxc7 Qxc7
30.Qe6+  1/2-1/2

[Event "DSV-Turnier"]
[Site "Leipzig"]
[Date "1973.??.??"]
[Round "3"]
[White "Schmidt, Wlodzimierz"]
[Black "Liebert, Heinz"]
[Result "1/2-1/2"]
[WhiteElo "2455"]
[BlackElo "2485"]

1.Nf3 d5 2.g3 g6 3.c4 c6 4.cxd5 cxd5 5.d4 Bg7 6.Bg2 Nc6 7.Nc3 e6 8.O-O Nge7
9.b3 O-O 10.e3 b6 11.Qd2 Bb7 12.Ba3 Qd7 13.Rac1 Rfd8 14.Rfd1 Ba6 15.Rc2  1/2-1/2

[Event "London"]
[Site "London"]
[Date "1973.??.??"]
[Round "?"]
[White "Keene, Raymond D"]
[Black "Karaklajic, Nikola"]
[Result "1/2-1/2"]
[WhiteElo "2445"]
[BlackElo "2420"]

1.Nf3 d5 2.g3 Nc6 3.Bg2 e5 4.d3 Nf6 5.O-O h6 6.Na3 Be6 7.c4 Bxa3 8.cxd5 Nxd5
9.bxa3 O-O 10.Bb2 f6 11.Qc2 Nde7 12.Rfd1 Qc8 13.d4 exd4 14.Nxd4 Nxd4 15.Bxd4 Rf7
16.Rac1 Nc6 17.Bxc6 bxc6 18.Qxc6 a5 19.Rd2 Ra6 20.Qc5 Bd7 21.Qd5 Be6 22.Qb5 Bd7
23.Qd5 Be6  1/2-1/2

[Event "London"]
[Site "London"]
[Date "1973.??.??"]
[Round "?"]
[White "Reshevsky, Samuel Herman"]
[Black "Karaklajic, Nikola"]
[Result "1/2-1/2"]
[WhiteElo "2560"]
[BlackElo "2420"]

1.Nf3 d5 2.g3 Nc6 3.Bg2 e5 4.d3 Nf6 5.O-O h6 6.c4 dxc4 7.Qa4 Bd6 8.Qxc4 O-O
9.Nc3 Be6 10.Qa4 Qd7 11.Bd2 Bh3 12.Rac1 Rfe8 13.Rfe1 Bxg2 14.Kxg2 a6 15.Ne4 Nxe4
16.Qxe4 Qe6  1/2-1/2

[Event "Madrid"]
[Site "Madrid"]
[Date "1973.??.??"]
[Round "2"]
[White "Andersson, Ulf"]
[Black "Garcia Martinez, Silvino"]
[Result "1/2-1/2"]
[WhiteElo "2555"]
[BlackElo "2450"]

1.Nf3 d5 2.g3 Bg4 3.Bg2 c6 4.O-O Nf6 5.b3 e6 6.Bb2 Be7 7.d3 O-O 8.Nbd2 Nbd7
9.c4 Qb8 10.Rc1 Re8 11.Rc2 Bd6 12.Qa1 e5 13.cxd5 cxd5 14.e4 d4 15.Rfc1 Bf8
16.h3 Bxf3 17.Nxf3 a5 18.h4 a4 19.bxa4 Rxa4 20.a3 b6 21.Qa2 Nc5 22.Bf1 h6
23.Rb1 Re7 24.Bxd4 exd4 25.Rxc5 Rxe4 26.Rc6 Rxa3 27.Qc2 Re8 28.Rcxb6 Qd8
29.R6b3 Ra5 30.Rb5 Rxb5 31.Rxb5 Qd7 32.Qb3 Rd8 33.Rb7 Qd5 34.Qxd5 Rxd5 35.Be2 Nd7
36.Nd2 Nc5 37.Ra7 Re5 38.Kf1 Re7 39.Ra8 Rb7 40.Nf3 g6 41.h5 Kg7 42.hxg6 fxg6
43.Rc8 Be7 44.Rc6 Ra7 45.Kg2 Ra3 46.Ne5 Ra6 47.Rc7 Re6 48.f4 Kf8 49.Kf2 Na6
50.Ra7 Nb4 51.Ra8+ Kg7 52.Re8 h5 53.Kf3 Nd5 54.Bf1 g5 55.Rc8 gxf4 56.gxf4 Nxf4
57.Kxf4  1/2-1/2

[Event "Madrid"]
[Site "Madrid"]
[Date "1973.??.??"]
[Round "10"]
[White "Andersson, Ulf"]
[Black "Pomar Salamanca, Arturo"]
[Result "1-0"]
[WhiteElo "2555"]
[BlackElo "2435"]

1.Nf3 d5 2.g3 Nf6 3.Bg2 c5 4.O-O Nc6 5.c4 e5 6.cxd5 Nxd5 7.Nc3 Be6 8.e3 Be7
9.d4 exd4 10.exd4 cxd4 11.Nxd4 Nxd4 12.Bxd5 Bf6 13.Bxe6 fxe6 14.Qh5+ g6 15.Qg4 O-O
16.Bh6 Rf7 17.Rad1 Qb6 18.Be3 Rd8 19.Qe4 Rfd7 20.Rd2 Qc6 21.Kg2 Nf5 22.Rxd7 Rxd7
23.Qxc6 bxc6 24.Bc5 Kf7 25.Rd1 Rxd1 26.Nxd1 Bd4 27.Bxd4 Nxd4 28.f3 e5 29.Kf2 Ke6
30.Nc3 h5 31.Ke3 g5 32.g4 Nc2+ 33.Kd2 Nd4 34.Ke3 Nc2+ 35.Kf2 hxg4 36.fxg4 Nb4
37.Ne4 Nd3+ 38.Ke3 Nxb2 39.Nxg5+ Kd5 40.h4 Nc4+ 41.Ke2 Kd6 42.h5 Ke7 43.Ne4 Nb6
44.Kf3 Nd5 45.g5 Ke6 46.Kg4 Ne3+ 47.Kh4 Nd5 48.a3 Kf5 49.Nd6+ Ke6 50.Ne4 Kf5
51.Nd6+ Ke6 52.h6 Kxd6 53.h7 Nf4 54.Kg4 Ng6 55.Kf5 Nh8 56.g6  1-0

[Event "Oslo CI"]
[Site "Oslo"]
[Date "1973.??.??"]
[Round "2"]
[White "Zwaig, Arne"]
[Black "Westerinen, Heikki MJ"]
[Result "0-1"]
[WhiteElo "2420"]
[BlackElo "2435"]

1.g3 d5 2.Nf3 Nf6 3.Bg2 e6 4.O-O Be7 5.d4 O-O 6.b3 Nbd7 7.c4 c6 8.Nbd2 b6
9.Qc2 Bb7 10.Bb2 Rc8 11.e4 dxe4 12.Nxe4 Rc7 13.Rad1 Qa8 14.Nc3 Rd8 15.Qe2 Bf8
16.Rd2 c5 17.Rfd1 cxd4 18.Rxd4 Rcc8 19.Nb5 Nc5 20.Nd6 Bxd6 21.Rxd6 Rxd6 22.Rxd6 Rd8
23.Qd1 Rxd6 24.Qxd6 h6 25.Bxf6 gxf6 26.b4 Ne4 27.Qe7 Kg7 28.Nd4 Qc8 29.Nxe6+ Qxe6
30.Qxb7 Nd2 31.Bf1 Nxf1 32.Kxf1 Qxc4+ 33.Kg2 Qxa2 34.b5 Qc4 35.Qc6 Qd3 36.h4 a6
37.bxa6 Qxa6 38.Qe4 Qc8 39.g4 Qc5 40.f4 b5 41.Qd3 b4 42.Qd8 b3 43.g5 fxg5
44.hxg5 hxg5 45.fxg5 Qc2+ 46.Kh3 Qc3+ 47.Kg4 b2 48.Qb6 Qc4+  0-1

[Event "Oslo CI"]
[Site "Oslo"]
[Date "1973.??.??"]
[Round "8"]
[White "Johannessen, Svein"]
[Black "Lundin, Erik"]
[Result "1/2-1/2"]
[WhiteElo "2425"]
[BlackElo "2375"]

1.Nf3 d5 2.g3 c5 3.Bg2 Nc6 4.O-O Nf6 5.d3 g6 6.Nbd2 Bg7 7.e4 O-O 8.Re1 dxe4
9.dxe4 h6 10.c3 Be6 11.Qe2 Qd7 12.Nc4 Rad8 13.Nfe5 Nxe5 14.Nxe5 Qa4 15.f4 Nd7
16.Nf3 b6 17.h3 Bc4 18.Qf2 Bd3 19.e5 f6 20.exf6 exf6 21.b3 Qa5 22.c4 f5 23.Bb2 Bxb2
24.Qxb2 Rfe8 25.Rxe8+ Rxe8 26.Ne5 Nxe5 27.fxe5 Be4 28.Rd1 b5 29.cxb5 Bxg2
30.Kxg2 Qxb5 31.Re1 c4 32.Qc3 Qb7+ 33.Kf2 cxb3 34.Qxb3+ Qxb3 35.axb3 Rb8
36.Ra1  1/2-1/2

[Event "ARG-ch"]
[Site "Santa Fe"]
[Date "1973.??.??"]
[Round "12"]
[White "Bronstein, Luis"]
[Black "Casas, Fernando"]
[Result "1-0"]
[WhiteElo "2365"]
[BlackElo "2350"]

1.Nf3 d5 2.g3 c6 3.Bg2 Nf6 4.O-O Bf5 5.b3 e6 6.Bb2 Be7 7.d3 h6 8.Nbd2 O-O
9.Ne5 a5 10.e4 Bh7 11.a4 Na6 12.Qe2 Nb4 13.Rac1 Na2 14.Ra1 Nb4 15.Rfc1 Qb6
16.h4 Rad8 17.Ng4 Nd7 18.Nf3 Rde8 19.exd5 cxd5 20.Qd2 Rc8 21.Qxh6 Nf6 22.Bxf6 Bxf6
23.Nxf6+ gxf6 24.Qxf6 Nxc2 25.Qg5+ Kh8 26.Qf6+ Kg8 27.Rab1 Nb4 28.Qg5+ Kh8
29.Qf6+ Kg8 30.Rxc8 Rxc8 31.Qg5+ Kf8 32.Qh6+ Kg8 33.Qg5+ Kf8 34.Qh6+ Kg8
35.Ne5 Qd8 36.Ng4 Bxd3 37.Nf6+ Qxf6 38.Qxf6 Bxb1 39.h5 Rc1+ 40.Kh2 Kf8  1-0

[Event "ARG-ch"]
[Site "Santa Fe"]
[Date "1973.??.??"]
[Round "12"]
[White "Sanguineti, Raul"]
[Black "Morgado, Juan J"]
[Result "1-0"]
[WhiteElo "2530"]
[BlackElo "2200"]

1.Nf3 d5 2.g3 Nf6 3.Bg2 c5 4.O-O Nc6 5.d4 e6 6.c4 Be7 7.cxd5 exd5 8.dxc5 Bxc5
9.Nbd2 O-O 10.Nb3 Bb6 11.Nbd4 Re8 12.b3 Bg4 13.Bb2 Bxf3 14.Bxf3 Ne4 15.Nxc6 bxc6
16.Rc1 Qd6 17.Rc2 Qg6 18.e3 Rad8 19.b4 Rd6 20.a3 h5 21.h4 Qh6 22.Kg2 Nf6
23.Qd3 Ng4 24.Bxg4 hxg4 25.Qf5 Qe6 26.Qxe6 Rexe6 27.Rd1 f5 28.Bd4 Re4 29.Bc5 Rg6
30.Rdc1 Ree6 31.a4 Re4 32.Bxb6 axb6 33.b5 cxb5 34.axb5 Rb4 35.Rc8+ Kh7 36.Rf8 Rf6
37.Rxf6 gxf6 38.Rc6 Rxb5 39.Rxf6 d4 40.exd4 Rd5 41.f3 b5 42.fxg4 fxg4 43.Rf4 b4
44.Rxg4 b3 45.Re4 Rd7 46.Re2 Rxd4 47.Re7+ Kg6 48.Rb7 Rd2+ 49.Kh3 b2 50.Rb6+ Kg7
51.h5 Re2 52.Kh4 Rc2 53.g4 Rd2 54.h6+ Kh7 55.Kh5 Rh2+ 56.Kg5 Rc2 57.Rb7+ Kg8
58.Kg6 Rc6+ 59.Kh5 Rc2 60.g5 Rd2 61.g6 Rh2+ 62.Kg5 Rg2+ 63.Kf5 Rf2+ 64.Ke4 Re2+
65.Kd3 Re8 66.Rxb2 Ra8 67.Kd4 Rd8+ 68.Kc5 Rc8+ 69.Kd6 Ra8 70.Kc7 Ra7+ 71.Rb7  1-0

[Event "Sochi"]
[Site "Sochi"]
[Date "1973.??.??"]
[Round "10"]
[White "Smejkal, Jan"]
[Black "Tal, Mihail"]
[Result "1/2-1/2"]
[WhiteElo "2570"]
[BlackElo "2655"]

1.Nf3 d5 2.g3 c6 3.Bg2 Bg4 4.d3 e6 5.b3 Bb4+ 6.c3 Bd6 7.Bb2 Nf6 8.Nbd2 Nbd7
9.c4 e5 10.O-O Qe7 11.h3 Bxf3 12.Nxf3 O-O 13.cxd5 cxd5 14.e3 Ba3  1/2-1/2

[Event "Stary Smokovec"]
[Site "Stary Smokovec"]
[Date "1973.??.??"]
[Round "4"]
[White "Banas, Jan"]
[Black "Cibulka, Vladimir"]
[Result "1/2-1/2"]
[WhiteElo "2360"]
[BlackElo "2320"]

1.Nf3 d5 2.g3 Nf6 3.Bg2 Bf5 4.c4 c6 5.cxd5 cxd5 6.Qb3 Qb6 7.Qxb6 axb6 8.Nc3 Bd7
9.Ne5 e6 10.Nxd7 Kxd7 11.d3 Nc6 12.Bd2 Bb4 13.e3 Rhc8 14.Ke2 Ra6 15.a3 Be7
16.Nb5 Ne8 17.Rac1 Bf6 18.d4 Raa8 19.Kd3 Nc7 20.Nxc7 Rxc7 21.Rc2 Ra4 22.Rhc1 Be7  1/2-1/2

[Event "Stary Smokovec"]
[Site "Stary Smokovec"]
[Date "1973.??.??"]
[Round "6"]
[White "Vadasz, Laszlo"]
[Black "Fichtl, Jiri"]
[Result "1-0"]
[WhiteElo "2405"]
[BlackElo "2375"]

1.Nf3 d5 2.g3 Nf6 3.Bg2 e6 4.O-O Bd6 5.d4 Nbd7 6.c4 c6 7.Qc2 O-O 8.Nbd2 Re8
9.b3 Qe7 10.Re1 Ba3 11.e4 Bxc1 12.Raxc1 dxe4 13.Nxe4 Nxe4 14.Qxe4 c5 15.Rcd1 cxd4
16.Nxd4 Nc5 17.Nf5 Qc7 18.Qe5 Qxe5 19.Rxe5 Na6 20.Ne7+ Kf8 21.Nxc8 Raxc8
22.Bxb7 Rc5 23.Rde1 Rxe5 24.Rxe5 Nb4 25.a3 Nd3 26.Re3 Nc5 27.Bf3 Rd8 28.b4 Na6
29.Re5  1-0

[Event "URS-ch sf"]
[Site "Tbilisi"]
[Date "1973.??.??"]
[Round "3"]
[White "Palatnik, Semon"]
[Black "Bagirov, Vladimir"]
[Result "1/2-1/2"]
[WhiteElo "2405"]
[BlackElo "2520"]

1.Nf3 d5 2.g3 c6 3.Bg2 Bf5 4.b3 e6 5.Bb2 h6 6.O-O Nf6 7.d3 Be7 8.c4 Nbd7
9.Nbd2 O-O 10.Rc1 Bh7 11.Rc2 Re8 12.Qa1 Bd6 13.Bh3 a5 14.a3 e5 15.cxd5 cxd5
16.Nh4 Qb6 17.Nf5 Bf8 18.Ne3 d4 19.Bxd7 Nxd7 20.Nd5 Qg6 21.Rfc1 Rad8 22.a4 Nb8
23.Nc7 Re7 24.Ba3 Red7 25.Nf3 Qf6 26.Bxf8 Rxf8 27.Nd2 Bf5 28.Rc5 Nc6 29.Nb5 Be6
30.Qa3 Qe7 31.Nc4 f6 32.Nb6 Rdd8 33.Qb2 Rf7 34.R5c2 g5 35.Nc4 h5 36.Qa3 Qxa3  1/2-1/2

[Event "URS-ch sf"]
[Site "Tbilisi"]
[Date "1973.??.??"]
[Round "13"]
[White "Palatnik, Semon"]
[Black "Vasiukov, Evgeni"]
[Result "0-1"]
[WhiteElo "2405"]
[BlackElo "2560"]

1.Nf3 d5 2.g3 c6 3.Bg2 Bg4 4.d3 Nd7 5.Nbd2 e6 6.O-O Bd6 7.e4 Ne7 8.Qe1 O-O
9.Nh4 Qb6 10.Kh1 Bh5 11.f4 Ng6 12.Nxg6 Bxg6 13.g4 Rfe8 14.f5 exf5 15.gxf5 Bh5
16.Qh4 Nf6 17.Nb3 dxe4 18.Bg5 Be2 19.Bxf6 Bxf1 20.Rxf1 gxf6 21.Bxe4 Be5 22.Qh6 Kh8
23.d4 Bxd4 24.Rf4 Rg8  0-1

[Event "Birmingham International"]
[Site "Birmingham"]
[Date "1974.04.18"]
[Round "9"]
[White "Kirov, Nino"]
[Black "Nunn, John DM"]
[Result "0-1"]
[WhiteElo "2420"]
[BlackElo "2300"]

1.Nf3 d5 2.g3 c5 3.Bg2 Nc6 4.d4 Nf6 5.O-O e6 6.c4 Be7 7.Nc3 O-O 8.cxd5 exd5
9.Bg5 cxd4 10.Nxd4 Re8 11.Rc1 h6 12.Be3 Bf8 13.Nb3 Be6 14.Bc5 Bxc5 15.Nxc5 Qe7
16.Nxe6 fxe6 17.Nb5 Rac8 18.a3 Kh8 19.Nd4 e5 20.Nf3 Qe6 21.Qa4 d4 22.Qb5 e4
23.Nh4 g5 24.Nf5 Qd7 25.f4 a6 26.Qc5 gxf4 27.Qd6 Qxf5 28.Rxf4 Re6 29.Qb4 Qh7
30.Qb3 Rd6 31.Rcf1 Qg6 32.Qxb7 Re8 33.Qc7 Ng8 34.Bh3 Re7 35.Qc8 Rd8 36.Qxa6 Ne5
37.Qa5 Nc6 38.Qb6 Rb8 39.Qc5 Re5 40.Qc4 Rxb2 41.Rf8 Ne7 42.Qxd4 Qb6 43.Qxb6 Rxb6
44.a4 Rb2 45.R1f6 Rxe2 46.Ra8 Kg7 47.Rf2 Rxf2 48.Kxf2 e3+ 49.Ke1 Nc6 50.Bg2 Nge7
51.Bxc6 Nxc6 52.Rc8 Rc5 53.Re8 Nd4 54.Kd1 e2+ 55.Kd2 Rc2+ 56.Kd3 Rc1  0-1

[Event "HUN-ch"]
[Site "?"]
[Date "1974.??.??"]
[Round "?"]
[White "Tompa, Janos"]
[Black "Dely, Peter"]
[Result "1/2-1/2"]
[WhiteElo "2420"]
[BlackElo "2470"]

1.Nf3 d5 2.g3 c5 3.Bg2 Nc6 4.d4 e6 5.O-O cxd4 6.Nxd4 Bc5 7.Nb3 Bb6 8.c4 Nf6
9.cxd5 Nxd5 10.Nc3 Nxc3 11.bxc3 Qxd1 12.Rxd1 Bd7 13.Ba3 O-O-O 14.Rab1 Be8
15.Rxd8+ Nxd8 16.Nd4 Ba5 17.c4 a6 18.Be7 Nc6  1/2-1/2

[Event "Las Palmas"]
[Site "Las Palmas"]
[Date "1974.??.??"]
[Round "15"]
[White "Ribli, Zoltan"]
[Black "Larsen, Bent"]
[Result "0-1"]
[WhiteElo "2525"]
[BlackElo "2630"]

1.Nf3 d5 2.g3 c6 3.Bg2 Bg4 4.b3 Nd7 5.Bb2 e6 6.O-O Ngf6 7.d3 Bb4 8.a3 Ba5
9.Nbd2 O-O 10.c4 Qe7 11.h3 Bh5 12.b4 Bc7 13.Qb3 a6 14.Rfd1 Rfd8 15.a4 c5
16.bxc5 Nxc5 17.Qa2 Ba5 18.g4 Bg6 19.Ba3 Qc7 20.g5 Nfe4 21.cxd5 Nc3 22.Qc4 Rxd5
23.Bxc5 Rxc5 24.Qb3 Nd5 25.Rdb1 Nf4 26.Nc4 Nxe2+ 27.Kh1 Bc3  0-1

[Event "Lublin"]
[Site "Lublin"]
[Date "1974.??.??"]
[Round "7"]
[White "Liebert, Heinz"]
[Black "Grabczewski, Romuald"]
[Result "1/2-1/2"]
[WhiteElo "2445"]
[BlackElo "2425"]

1.Nf3 d5 2.g3 g6 3.Bg2 Bg7 4.d4 Nh6 5.c4 dxc4 6.Na3 Nf5 7.e3 c5 8.Nxc4 cxd4
9.Nxd4 Nxd4 10.exd4 Qxd4 11.Qxd4 Bxd4 12.O-O Nc6 13.Rd1 Bg7 14.Be3 Be6 15.Rac1 O-O
16.Bxc6 bxc6 17.b3 Bd5 18.Na5 Rfc8 19.Rd2 Kf8  1/2-1/2

[Event "Manila"]
[Site "Manila"]
[Date "1974.??.??"]
[Round "13"]
[White "Andersson, Ulf"]
[Black "Pfleger, Helmut"]
[Result "1/2-1/2"]
[WhiteElo "2580"]
[BlackElo "2535"]

1.Nf3 d5 2.g3 c5 3.Bg2 Nc6 4.O-O Nf6 5.c4 e6 6.cxd5 exd5 7.d4 Be7 8.Nc3 O-O
9.Be3 Ng4 10.Bf4 Be6 11.dxc5 Bxc5 12.Na4 Be7 13.Nd4 Nxd4 14.Qxd4 Qa5 15.h3 Bf6
16.Qd1 Ne5 17.Bd2 Qb5 18.Bc3 d4 19.Bxd4 Rad8 20.Nc3 Qc4 21.e3 Nc6 22.Ne2 Bxd4
23.Nxd4 Nxd4 24.exd4 Rxd4 25.Qb3 Qxf1+ 26.Kxf1 Bxb3 27.axb3 Rb4 28.Rxa7 Rxb3
29.Bxb7 g5 30.Bd5 Rxb2 31.Kg2 Kg7 32.Bf3 Rb6 33.Bh5 Rf6 34.Ra5 h6 35.Rd5 Rb8
36.Rd2 Rbb6 37.Bf3 Rbd6 38.Rc2 Rd4 39.Bh5 Rfd6 40.Rc7 Rd7 41.Rc5 Rd2 42.Rf5 R2d5
43.Rf3 Rc7 44.Rb3 Rc2 45.Rf3 f5 46.Ra3 Rdd2 47.Rf3 Kf6 48.Bg4 Rc5 49.Bh5 f4
50.h4 Kf5 51.hxg5 hxg5 52.Bf7 Rc1 53.Bb3 Rb2 54.Bg8 Re2 55.gxf4 gxf4 56.Ra3 Kg4
57.Bd5 Ree1 58.Bf3+ Kf5 59.Ra5+ Re5 60.Ra8 Rc7 61.Rf8+ Kg5 62.Rg8+ Kf6 63.Rf8+ Rf7
64.Ra8 Rc5 65.Ra6+ Kf5 66.Ra1 Rg7+ 67.Kf1 Rc3 68.Ra5+ Kf6 69.Ra6+ Ke5 70.Ra5+ Kd6
71.Be4 f3 72.Ke1 Rb3 73.Kd2 Rg2 74.Rd5+ Ke6 75.Rd3 Rb2+ 76.Kc3 Rbxf2 77.Bxf3 Rc2+
78.Kd4 Rh2 79.Rb3 Rh4+ 80.Ke3 Rc5 81.Rd3 Re5+ 82.Kd2 Rh2+ 83.Kc3  1/2-1/2